Máximo Gómez el libertador de Cuba / (Registro nro. 13974)
[ vista simple ]
| 000 -LIDER | |
|---|---|
| fixed length control field | 00717nam a2200229 a 4500 |
| 001 - NÚMERO DE CONTROL | |
| Identificador de número de control | |
| 003 - IDENTIFICACDOR DE NÚMERO DE CONTROL | |
| control field | DO-SdBNP |
| 005 - DATE AND TIME OF LATEST TRANSACTION | |
| control field | 20220125075432.0 |
| 008 - ELEMENTOS DE LONGITUD FIJA | |
| fixed length control field | 110425s1989 dr 000 0 spa d |
| 040 ## - FUENTE DE CATALOGACIÓN | |
| Agencia que crea de manera original el registro | BPMSU |
| Idioma de catalogación | spa |
| Agencia que realiza la transcripción | BPMSU |
| 082 ## - NÚMERO DE CLASIFICACIÓN DECIMAL DE DEWEY | |
| Classification number | 923.57293 |
| Item number | G633M1989 |
| Edition number | 22 |
| 100 1# - ASIENTO PRINCIPAL -- NOMBRE PERSONAL | |
| Nombre personal | Morales, Salvador E. |
| 245 10 - MENCIÓN DE TITULO | |
| Título | Máximo Gómez el libertador de Cuba / |
| Mención de responsabilidad | Salvador Morales. |
| 260 ## - PUBLICACIÓN, DISTRIBUCIÓN, ETC. (PIE DE IMPRENTA) | |
| Lugar de publicación, distribución, etc | Santo Domingo : |
| Nombre del editor, distribuidor, etc. | Alfa & Omega, |
| Fecha de publicación, distribución, etc | 1989. |
| 300 ## - DESCRIPCIÓN FÍSICA | |
| Extensión | 55 p. ; |
| Dimensiones | 21 cm. |
| 590 ## - NOTA LOCAL | |
| Enlace | Inventariado, 2022/VM |
| 600 14 - ENCABEZAMIENTO DE MATERIA--NOMBRE PERSONAL | |
| Nombre personal | Gómez, Máximo, |
| Fechas asociadas con el nombre | 1836-1905 |
| 651 #4 - ENCABEZAMIENTO DE MATERIA--NOMBRE GEOGRÁFICO | |
| Nombre geográfico | Cuba |
| Subdivisión temática general | Historia |
| Subdivisión cronológica | Guerra de los Diez años, 1868-1878 |
| 651 #4 - ENCABEZAMIENTO DE MATERIA--NOMBRE GEOGRÁFICO | |
| Nombre geográfico | Cuba |
| Subdivisión temática general | Historia |
| Subdivisión cronológica | Guerra de Independencia, 1895-1898 |
| 910 ## - VALIDACIÓN | |
| Validación | VMateo V. |
| 942 ## - ADDED ENTRY ELEMENTS (KOHA) | |
| Source of classification or shelving scheme | Dewey Decimal Classification |
| Koha item type | Libros |
| Withdrawn status | Lost status | Source of classification or shelving scheme | Damaged status | Not for loan | Collection code | Home library | Current library | Date acquired | Total Checkouts | Full call number | Barcode | Date last seen | Price effective from | Koha item type | Copy number |
|---|---|---|---|---|---|---|---|---|---|---|---|---|---|---|---|
| Dewey Decimal Classification | Colección Dominicana | Biblioteca Pública Metropolitana Salomé Ureña | Biblioteca Pública Metropolitana Salomé Ureña | 01/25/2022 | BPMSU CD 923.57293 G633M1989 | BPMSU22010063 | 01/25/2022 | 01/25/2022 | Libros | ||||||
| Dewey Decimal Classification | Colección Dominicana | Biblioteca Pública Metropolitana Salomé Ureña | Biblioteca Pública Metropolitana Salomé Ureña | 01/25/2022 | BPMSU CD 923.57293 G633M1989 | BPMSU22010064 | 01/25/2022 | 01/25/2022 | Libros | e.2 | |||||
| Dewey Decimal Classification | Colección Dominicana | Biblioteca Pública Metropolitana Salomé Ureña | Biblioteca Pública Metropolitana Salomé Ureña | 01/25/2022 | BPMSU CD 923.57293 G633M1989 | BPMSU22010065 | 01/25/2022 | 01/25/2022 | Libros | e.3 |